| 000 | 00513nam a22002057a 4500 | ||
|---|---|---|---|
| 003 | CO-ViMGA | ||
| 005 | 20230915225020.0 | ||
| 008 | 150710b xxu||||| |||| 00| 0 eng d | ||
| 020 | _a9789588860343 | ||
| 040 |
_aCO-ViMGA _bspa _cCO-ViMGA |
||
| 090 | _bN KOR1 | ||
| 100 | 1 | _4KORSCHUNOW IRINA | |
| 245 | 1 | 0 | _aEL ZORRITO ABANDONADO |
| 250 | _aLEER ES MI CUENTO | ||
| 260 |
_aBOGOTA _bNORMA _c2014 |
||
| 300 | _a{48} PAGINAS | ||
| 650 | 1 | 4 | _2HISTORIAS INFANTILES |
| 700 | 1 | _4ARTEAGA RAFAEL | |
| 942 |
_2ddc _cBK |
||
| 999 |
_c10104 _d10104 |
||